000
00295nam a2200133Ia 4500
100
_a
Die casting society of India
942
_c
BK
654
_a
diecasting
245
_a
Diecasting product design
260
_b
IDSOC
_a
New Delhi
082
_a
671.253
_b
DIE
300
_a
104
546
_a
ENGLISH
999
_c
27666
_d
27666